Relevos no Brasil - Statistics

Estatísticas Gerais
  • Esse quiz foi jogado 32 vezes
  • A pontuação média é 7 de 28
Estatísticas das Respostas
dica Responder % Correto
Planalto de Borborema
93%
Planície do Rio Amazonas
41%
Planície e Pantanal Mato-grossense
33%
Depressâo Sertaneja e do São Francisco
33%
Depressâo do Tocantins
33%
Serras Residuais Alto Paraguai
30%
Planície do Rio Araguaia
30%
Depressâo Periférica da Borda Leste da Bacia do Paraná
30%
Depressâo do Araguaia
26%
Planaltos e Chapadas da Bacia do Paraná
26%
Depressâo Marginal Norte-Amazônica
26%
Depressâo Marginal Sul Amazônica
26%
Planaltos e Serras do Atlântico Leste-Sudeste
22%
Planalto Residuais Norte-Amazônico
22%
Planície e Pantanal do Rio Guaporé
22%
Depressâo do Alto do Paraguai-Guaporé
19%
Planaltos e Chapadas do Bacia do Parnaíba
19%
Planície e Tabuleiros Litorânea
19%
Planaltos Residuais Sul-Amazônico
19%
Planalto Sul-Rio-Grandense
19%
Depressão Periférica Sul-Rio-Grandense
19%
Depressâo da Amazônia Ocidental
15%
Depressâo Cuiabana
15%
Depressâo do Miranda
15%
Planalto da Amazônia Oriental
11%
Planaltos e Serras de Goiás-Minas
11%
Planaltos e Chapadas dos Parecís
11%
Planície da Lagoas dos Patos Mirim
11%
Nenhum quiz correspondente encontrado
Distribuição das Pontuações
Porcentagem de Pessoas com Cada Pontuação
Percentil de Números Respondidos
Sua Pontuação Histórica
Você não jogou esse quiz